Normal view
MARC view
- Parker, Jack,
Entry Personal Name
001 - CONTROL NUMBER
- control field: 2677
003 - CONTROL NUMBER IDENTIFIER
- control field: NUST
005 - DATE AND TIME OF LATEST TRANSACTION
- control field: 20170615105204.0
008 - FIXED-LENGTH DATA ELEMENTS
- fixed length control field: 170615|| aca||aabn | a|a d
040 ## - CATALOGING SOURCE
- Original cataloging agency: NUST
- Transcribing agency: NUST
100 ## - HEADING--PERSONAL NAME
- Personal name: Parker, Jack,
- Dates associated with a name: 1945-
670 ## - SOURCE DATA FOUND
- Source citation: Work cat.: (NUST)0: Madigan, Michael T., 1949- 2675, Brock biology of microorganisms /, c1997.
